000 01115nam a22002777a 4500
001 7615
003 FISKH
005 20250728100240.0
008 250728b cb ||||| |||| 00| 0 eng d
020 _a9780545273978
040 _aFISKH
_beng
_cFISKH
_dFISKH
050 _aSB63.M22 N58
082 _a333.72092
100 _aNivola, Claire A.
245 _aPlanting the trees of Kenya :
_bThe story of Wangari Maathai /
_cBy Claore A. Nivola
260 _aNew York :
_bScholastic ,
_c2008.
300 _a32 unnumbered pages :
_bcolor illustrations ;
_c23 X 27 cm .
505 _aK
520 _a"This is the story of Wangari Maathai, winner of the 2004 Nobel Peace Prize and founder of the Green Belt Movement, Wangari came home from college to find the streams dry, the people malnourished, and the trees gone. How could she alone bring back the trees and restore the gardens and the people?"--Jacket.
521 8 _a510
_bLexile estimate
521 8 _aK
_bRaz-Plus
650 _aConservation
_vNon-fiction
650 _aEnvironment
_vNon-fiction
942 _2ddc
_cBK
_n0
999 _c7615
_d7615